Introduction to operations research /

Guardado en:
Autor Principal: Churchman, C. West 1913-
Otros Autores: Ackoff, Russell Lincoln, 1919-, Arnoff, E. Leonard., Edie, Leslie C. (Colaborador)
Formato: Libro
Idioma:English
Publicado: New York : Wiley, c1957.
Etiquetas: Agregar Etiqueta
Sin Etiquetas, Sea el primero en etiquetar este registro!
LEADER 00636nam a22001695a 4500
001 MAT.inmabb000300
008 031209s1957####nyu###########000#0#eng#d
005 20110228154211.0
245 1 0 |a Introduction to operations research /  |c C. West Churchman, Russell L. Ackoff, E. Leonard Arnoff ; in collaboration with Leslie C. Edie ... [et al.]. 
260 |a New York :  |b Wiley,  |c c1957. 
300 |a x, 645 p. ;  |c 24 cm. 
100 1 |a Churchman, C. West  |q (Charles West),  |d 1913- 
700 1 |a Ackoff, Russell Lincoln,  |d 1919- 
700 1 |a Arnoff, E. Leonard. 
700 1 |a Edie, Leslie C.  |4 clb 
084 |a 90  |2 msc2000 
859 |h 90  |i C563  |p A-32  |b BIB. MATEMATICA